<?xml version="1.0" encoding="UTF-8"?>
<collection xmlns="http://www.loc.gov/MARC21/slim">
  <record>
    <leader>00000nam  2200000   4500</leader>
    <controlfield tag="001">INLIS000000000018962</controlfield>
    <controlfield tag="005">20250121103310</controlfield>
    <datafield tag="035" ind1="#" ind2="#">
      <subfield code="a">0010-0125000106</subfield>
    </datafield>
    <controlfield tag="007">ta</controlfield>
    <controlfield tag="008">250121################g##########0#ind##</controlfield>
    <datafield tag="020" ind1="#" ind2="#">
      <subfield code="a">978-602-453-603-9</subfield>
    </datafield>
    <datafield tag="082" ind1="#" ind2="#">
      <subfield code="a">658.151 1</subfield>
    </datafield>
    <datafield tag="084" ind1="#" ind2="#">
      <subfield code="a">658.151 1 IBR a</subfield>
    </datafield>
    <datafield tag="100" ind1=" " ind2="#">
      <subfield code="a">Ibrahim Ingga</subfield>
    </datafield>
    <datafield tag="245" ind1="1" ind2="#">
      <subfield code="a">Akuntansi Manajemen: Implementasi dalam Kasus Indonesia /</subfield>
      <subfield code="c">Ibrahim Ingga</subfield>
    </datafield>
    <datafield tag="260" ind1="#" ind2="#">
      <subfield code="a">Yogyakarta :</subfield>
      <subfield code="b">Deepublish,</subfield>
      <subfield code="c">2019</subfield>
    </datafield>
    <datafield tag="300" ind1="#" ind2="#">
      <subfield code="a">vii, 205 hlm ;</subfield>
      <subfield code="c">2.4 MB</subfield>
    </datafield>
    <datafield tag="650" ind1="#" ind2="4">
      <subfield code="a">Akuntansi Manajemen</subfield>
    </datafield>
    <datafield tag="520" ind1="#" ind2="#">
      <subfield code="a">Manajer adalah pelaku dalam proses manajemen. Manajer&#13;
sebagai pengambil keputusan, perencana, dan pengendali aktivitas,&#13;
membutuhkan informasi sebagai dasar pertimbangan ketika&#13;
melaksanakan proses tersebut. Tanpa informasi, pelaksanaan semua&#13;
fungsi akan sulit mencapai tujuannya. Keputusan selalu berkaitan&#13;
dengan masa depan. Pada hal, masa depan adalah situasi yang penuh&#13;
dengan ketidak-pastian. Ketidak-pastian tidak bisa ditiadakan, kecuali&#13;
hanya bisa dikurangi. Informasi merupakan salah satu alat yang dapat&#13;
digunakan untuk mengurangi ketidak-pastian tersebut. Itulah sebabnya,&#13;
manajer harus menguasai informasi, baik internal maupun eksternal.&#13;
Akuntansi manajemen adalah sebuah sistem yang berperan&#13;
untuk menyediakan informasi yang dibutuhkan manajer dalam&#13;
menjalankan berbagai fungsinya. Buku ini tidak hanya membahas&#13;
tentang konsep-konsep dan dasar-dasar pemikiran bagaimana&#13;
menyediakan informasi internal, tetapi juga menggali data untuk&#13;
menghasilkan informasi eksternal, terutama yang bersumber dari&#13;
industri manufaktur. Informasi internal yang ditekankan adalah: biaya&#13;
standar per-unit produk, varian, BEP, penyusunan anggaran, dan&#13;
pengambilan keputusan taktis.&#13;
Pengalaman mengajar, meneliti, dan melakukan praktik&#13;
akuntansi dalam dunia usaha dan industri telah menginspirasi&#13;
penulisan buku ini, agar lebih berkualitas dan mendekati&#13;
kesempurnaan. Namun, penulis menyadari bahwa kesempurnaan itu&#13;
hanya milik Allah SWT. Oleh sebab itu, penulis mengharapkan kritik&#13;
yang konstruktif dari teman sejawat guna perbaikan buku ini di masa&#13;
yang akan datang.</subfield>
    </datafield>
    <datafield tag="856" ind1="#" ind2="#">
      <subfield code="a">https://web-ipustakalan.moco.co.id/book/08bce37c-22a9-46e6-9221-c7341b6b7e33</subfield>
    </datafield>
    <datafield tag="990" ind1="#" ind2="#">
      <subfield code="a">2024/4/A/0017</subfield>
    </datafield>
    <datafield tag="990" ind1="#" ind2="#">
      <subfield code="a">2024/4/A/0018</subfield>
    </datafield>
  </record>
</collection>
